| 000 | 00386cam a22001217a 4500 | ||
|---|---|---|---|
| 008 | 180718b1989 xxu||||| |||| 00| 0 eng d | ||
| 082 | _aF503x54 In2 | ||
| 100 | _aKashyap, Subash C. | ||
| 245 |
_aAnti-deflection law premises, provisions and problems _cby Subash C. Kashyap |
||
| 260 |
_aNew Delhi _bLok Sabha Secretariat _c1989 |
||
| 300 | _a27+p. | ||
| 700 | _aIndia. Lok Sabha Secretariat | ||
| 999 |
_c490565 _d490565 |
||